Vzdelávacie programy CĎV UK - východiská, zameranie a efekty

Ambície Centra ďalšieho vzdelávania Univerzity Komenského v Bratislave. Začiatočné problémy. Inovatívnosť podmieňuje finančnú efektívnosť. Vzdelávacie programy pre rozbehnutie ďalšieho vzdelávania - štyri vzdelávacie programy komplexného charakteru. Od prípravy programov k ich rozbehnutiu.

Enregistré dans:
Détails bibliographiques
Auteur principal: Lubelec, Libor
Format: Chapitre de livre
Langue:slovaque
Sujets:
Tags: Ajouter un tag
Pas de tags, Soyez le premier à ajouter un tag!

MARC

LEADER 00000naa$a2200000$$$4500
001 0044014
005 20060627084748.4
041 0 |a slo 
044 |a SK 
245 1 0 |a Vzdelávacie programy CĎV UK - východiská, zameranie a efekty  |c Libor Lubelec 
520 |a Ambície Centra ďalšieho vzdelávania Univerzity Komenského v Bratislave. Začiatočné problémy. Inovatívnosť podmieňuje finančnú efektívnosť. Vzdelávacie programy pre rozbehnutie ďalšieho vzdelávania - štyri vzdelávacie programy komplexného charakteru. Od prípravy programov k ich rozbehnutiu. 
610 2 0 |a vzdelávanie 
610 2 0 |a vzdelávanie ďalšie 
610 2 0 |a programy 
610 2 0 |a inovácia 
610 2 0 |a efektívnosť 
610 2 0 |a financovanie 
610 2 0 |a univerzity 
100 1 |a Lubelec, Libor